Oral development and histology / (Record no. 17167)
[ view plain ]
| 000 -LEADER | |
|---|---|
| fixed length control field | 01448nam a22003375a 4500 |
| 001 - CONTROL NUMBER | |
| control field | 12345504 |
| 005 - DATE AND TIME OF LATEST TRANSACTION | |
| control field | 20170115134410.0 |
| 008 - FIXED-LENGTH DATA ELEMENTS--GENERAL INFORMATION | |
| fixed length control field | 010313t2007 gw a frb 001 0 eng d |
| 020 ## - INTERNATIONAL STANDARD BOOK NUMBER | |
| International Standard Book Number | 3131443715 |
| 020 ## - INTERNATIONAL STANDARD BOOK NUMBER | |
| International Standard Book Number | 9783131443717 |
| 040 ## - CATALOGING SOURCE | |
| Original cataloging agency | EG-ScBUE |
| Language of cataloging | eng |
| Transcribing agency | EG-ScBUE |
| Modifying agency | EG-ScBUE |
| 082 04 - DEWEY DECIMAL CLASSIFICATION NUMBER | |
| Classification number | 611.31 |
| Item number | ORA |
| Edition number | 22 |
| 245 00 - TITLE STATEMENT | |
| Title | Oral development and histology / |
| Statement of responsibility, etc | [editor], James K. Avery, Pauline F. Steele ; associate editor, Nancy Avery. |
| 250 ## - EDITION STATEMENT | |
| Edition statement | 3rd ed., International ed. |
| 260 ## - PUBLICATION, DISTRIBUTION, ETC. (IMPRINT) | |
| Place of publication, distribution, etc | Stuttgart ; |
| -- | New York : |
| Name of publisher, distributor, etc | Thieme, |
| Date of publication, distribution, etc | c.2002. |
| 300 ## - PHYSICAL DESCRIPTION | |
| Extent | ix, 435 p. : |
| Other physical details | ill. (col.) ; |
| Dimensions | 28 cm. |
| 500 ## - GENERAL NOTE | |
| General note | Index : p. 427-435. |
| 500 ## - GENERAL NOTE | |
| General note | Glossary : p. 410-426. |
| 504 ## - BIBLIOGRAPHY, ETC. NOTE | |
| Bibliography, etc | Includes bibliographical references. |
| 520 ## - SUMMARY, ETC. | |
| Summary, etc | This is a student-oriented textbook with side-by-side text and illustrations that provide easy correlation of visual and written information. It features over 800 atlas-style illustrations, including diagrams and light and electron micrographs and a glossary of terminology. |
| 541 ## - IMMEDIATE SOURCE OF ACQUISITION NOTE | |
| Source of acquisition | Donation from Al-Dar Al-Arabia lil-Nashr wa-al-Tawzīʻ. |
| 650 #0 - SUBJECT ADDED ENTRY--TOPICAL TERM | |
| Topical term or geographic name as entry element | Mouth |
| General subdivision | Anatomy. |
| Source of heading or term | BUEsh |
| 650 #0 - SUBJECT ADDED ENTRY--TOPICAL TERM | |
| Topical term or geographic name as entry element | Teeth |
| General subdivision | Anatomy. |
| Source of heading or term | BUEsh |
| 650 #0 - SUBJECT ADDED ENTRY--TOPICAL TERM | |
| 9 (RLIN) | 30165 |
| Topical term or geographic name as entry element | Mouth |
| General subdivision | Histology |
| Source of heading or term | BUEsh |
| 651 ## - SUBJECT ADDED ENTRY--GEOGRAPHIC NAME | |
| Source of heading or term | BUEsh |
| 653 ## - INDEX TERM--UNCONTROLLED | |
| Resource For college | |
| Arrived date list | January2013 |
| -- | March2016 |
| -- | January2017 |
| 700 1# - ADDED ENTRY--PERSONAL NAME | |
| Personal name | Avery, James K., |
| Relator term | editor. |
| 9 (RLIN) | 32115 |
| 700 1# - ADDED ENTRY--PERSONAL NAME | |
| Personal name | Steele, Pauline F., |
| Relator term | editor. |
| 9 (RLIN) | 32116 |
| 700 1# - ADDED ENTRY--PERSONAL NAME | |
| Personal name | Avery, Nancy., |
| Relator term | editor. |
| 9 (RLIN) | 32117 |
| 942 ## - ADDED ENTRY ELEMENTS (KOHA) | |
| Source of classification or shelving scheme | Dewey Decimal Classification |
| Item type | |
| Withdrawn status | Item status | Source of classification or shelving scheme | Damaged status | Not for loan | Vendor | Home library | Current library | Shelving location | Date acquired | Source of acquisition | Serial Enumeration / chronology | Total Checkouts | Full call number | Barcode | Date last seen | Koha item type | Total Renewals | Date last borrowed |
|---|---|---|---|---|---|---|---|---|---|---|---|---|---|---|---|---|---|---|
| Dewey Decimal Classification | Central Library | Central Library | First floor | 29/01/2013 | Donation | 02516 | 611.31 ORA | 000027929 | 15/07/2025 | Book - Borrowing | ||||||||
| Dewey Decimal Classification | Central Library | Central Library | First floor | 09/03/2016 | Donation | 1 | 611.31 ORA | 000031886 | 15/07/2025 | Book - Borrowing | 8 | 26/09/2016 | ||||||
| Dewey Decimal Classification | Central Library | Central Library | First floor | 15/01/2017 | Donation | 0000485 | 611.31 ORA | 000040961 | 15/07/2025 | Book - Borrowing |